| 000 | 00692nem a22002291 4500 | ||
|---|---|---|---|
| 001 | 0000008939 | ||
| 005 | 20151217161139.0 | ||
| 007 | aj cauun | ||
| 008 | 080623s xx a 0 eng d | ||
| 020 | _cKES 650 | ||
| 034 | 0 | _aa | |
| 040 |
_aKABU _cKABU |
||
| 110 | 2 |
_aTourist Maps (Kenya) _@0000159748 |
|
| 245 | 1 | 2 |
_aA Map of Lake Nakuru National Park _h[map] / _cTourist Maps (K) |
| 255 | _aScale 1 : 50,000. | ||
| 260 |
_aNairobi : _bTourist Maps (K), _c[1994] |
||
| 300 |
_a1 map : _bcol ; _c80x51 cm, 23x14 cm. |
||
| 651 | 0 |
_aLake Nakuru National Park _xMaps. _@0000159753 |
|
| 908 | _a080623 | ||
| 950 | _@1 | ||
| 999 |
_c15069 _d15069 |
||